000 01276nam a2200373 4500
999 _c24055
_d24055
001 vtls012139795
005 20251113121542.0
008 220616s2022 xo e 010 f slo
020 _a9788022212960
_q(viazané)
040 _aTTKJF
_bslo
_cTTKJF
_erda
041 1 _aslo
_hger
044 _axo
_cSK
072 7 _a821.112.2-3
_xNemecká próza, nemecky písaná
_2konspekt
080 _a821.112.2-31
_22011
080 _a(0:82-312.4)
_22011
100 1 _aFitzek, Sebastian,
_d1971-
_4aut
_95293
240 1 4 _aDer Nachtwandler
_lSlovensky
245 1 0 _aNámesačný
_cSebastian Fitzek ; z nemeckého originálu Der Nachtwandler ... preložila Erika Ridziová
250 _aVydanie I.
264 1 _aBratislava
_bTatran
_c2022
300 _a231 strán
_c22 cm
336 _atext
_btxt
_2rdacontent
337 _abez média
_bn
_2rdamedia
338 _azväzok
_bnc
_2rdacarrier
490 1 _aMimo zákona
_v36. zväzok
500 _aObsahuje profesijné údaje o autorovi na záložke prebalu publikácie
655 7 _anemecké romány
_2SNKPH
_92380
655 7 _atrilery (romány)
_2SNKPH
_92135
655 7 _aGerman fiction
_2SNKPHeng
_92379
655 7 _aThrillers (novels)
_2SNKPHeng
_91722
700 1 _aRidziová, Erika
_4trl
_91326
958 _aLX
958 _aUP